000
00406nam a22001097a 4500
082
_a
800/GRU
100
_a
सुरूचि प्रकाशन
_9
83635
245
_a
श्री गुरूजी समग्र ( संघ मंथन ) खण्ड 2
260
_a
नई दिल्ली
_b
सुरूचि प्रकाशन 2005
650
_a
रचनावली
942
_c
HIN
999
_c
68579
_d
68579